Města zdí : Život a smrt obchodních center /

Salvato in:
Dettagli Bibliografici
Autore principale: Háblová, Anna Beata (Autore, Illustratore)
Natura: Libro
Lingua:ceco
Pubblicazione: Praha : Dokořán, s.r.o., 2017
Edizione:1. vydanie
Soggetti:
Tags: Aggiungi Tag
Nessun Tag, puoi essere il primo ad aggiungerne!!

MARC

LEADER 00000nam a22000003a 4500
001 0065307
003 SK-STU
005 20190328163930.9
007 ta
008 180531s ----xo-----e------000-0-----d
020 |a 978-80-7363-861-0 
040 |a STU  |b slo 
041 0 |a cze 
044 |a xr 
100 1 |a Háblová, Anna Beata  |4 aut  |4 ill 
245 1 0 |a Města zdí :  |b Život a smrt obchodních center /  |c aut. Anna Beata Háblová ; ed. Klára Soukupová 
250 |a 1. vydanie 
260 |a Praha :  |b Dokořán, s.r.o.,  |c 2017 
300 |a 256 s. 
650 0 7 |a urbanizmus a územné plánovanie 
650 0 7 |a obchodné centrá 
650 0 7 |a budovy pre obchod a služby 
650 0 7 |a shopping malls 
700 1 |a Soukupová, Klára  |4 lso 
996 |b 284AU07519  |c A* 10767/U  |l AAKNAR  |s A  |a 24  |w 0065307_0001 
996 |b 284AU07520  |c A* 10768/U  |l AAKNAR  |s A  |a 24  |w 0065307_0002 
996 |b 284AU09426  |c A* 12763/U  |l AAKNAR  |s A  |a 24  |w 0065307_0003